| 000 | 00511nam a22001697a 4500 | ||
|---|---|---|---|
| 082 | _a629.892 | ||
| 100 | _aUmbreen, Neelam | ||
| 245 |
_aGOALKEEPER FOR ROBOCUP SPL / _cNeelam Umbreen. |
||
| 260 |
_aIslamabad: _bSMME - NUST, _c2016. |
||
| 300 |
_a50 p.: ill.; _c30cm. |
||
| 650 |
_aMS-Thesis. _918721 |
||
| 700 |
_aDr. Yasar Ayaz _916202 |
||
| 856 | _uhttp://10.250.8.41:8080/xmlui/handle/123456789/9306 | ||
| 942 |
_2ddc _cTHE |
||
| 999 |
_c529147 _d529147 |
||